000 00485nam a2200181 a 4500
001 9032
005 20180713193011.0
008 140415s1957 000 0 spa d
041 _aspa
082 _a303.483
_bSOU
100 1 _aSOULE, GEORGE
245 1 0 _aTIEMPO PARA VIVIR
260 _a[s.l.] :
_bSUDAMERICANA,
_c1957
300 _a200
490 _aCIENCIA Y CULTURA
650 1 4 _aCAMBIO SOCIAL
_xINDUSTRIA
_xASPECTOS SOCIALES
700 1 _aMARINO, MARIA A.
_etr.
999 _c9032
_d9032